| 000 | 00362nam a2200145Ia 4500 | ||
|---|---|---|---|
| 008 | 230917s9999||||xx |||||||||||||| ||und|| | ||
| 040 |
_e141506 _aMAIN |
||
| 041 | _aEnglish | ||
| 082 | _a860.9 S77R | ||
| 100 | _aSuri, Twinkle | ||
| 245 | 0 | _aRoom of their own women's voices in Africa | |
| 260 |
_aNew Delhi _bBooks _c2006 |
||
| 300 | _a121p. p. | ||
| 942 | _cBK | ||
| 999 |
_c132973 _d132973 |
||